LEADER 05290nam 22007575 450 001 9910765484103321 005 20240322041948.0 010 $a87-438-0412-8 010 $a87-438-0044-0 010 $a3-031-34910-5 024 7 $a10.1007/978-3-031-34910-2 035 $a(MiAaPQ)EBC30960577 035 $a(Au-PeEL)EBL30960577 035 $a(DE-He213)978-3-031-34910-2 035 $a(CKB)29019297800041 035 $a(OCoLC)1412620368 035 $a(EXLCZ)9929019297800041 100 $a20231120d2024 u| 0 101 0 $aeng 135 $aurcnu|||||||| 181 $ctxt$2rdacontent 182 $cc$2rdamedia 183 $acr$2rdacarrier 200 10$aComputer Vision & Laser Vibrometry, Volume 6 $eProceedings of the 41st IMAC, A Conference and Exposition on Structural Dynamics 2023 /$fedited by Javad Baqersad, Dario Di Maio 205 $a1st ed. 2024. 210 1$aCham :$cSpringer Nature Switzerland :$cImprint: Springer,$d2024. 215 $a1 online resource (177 pages) 225 1 $aConference Proceedings of the Society for Experimental Mechanics Series,$x2191-5652 311 08$a3-031-34909-1 327 $aChapter 1 Optical Motion Magnification: A Comparative Study and Application for Vibration Analysis -- Chapter 2 - To the Moon! Space Launch System Modal Testing with Video and Motion Magnification -- Chapter 3 Effects of Image Pair Processing Styles on Phase-Based Motion Extraction -- Chapter 4 Experiment-based optical full-field receptances in the approximation of sound radiation from a vibrating plate -- Chapter 5 Measurements of panel vibration with DIC and LDV imaged through a Mach 5 flow. - Chapter 6 Experimental quantification of sensor-based stereocameras? extrinsic parameters calibration. - Chapter 7 Towards camera-based monitoring of abdominal aortic aneurysms[AA] -- Chapter 8 Measuring 3D vibrations amplitude with a single camera and a model of the vibrating structure -- Chapter 9 Risk tolerance mapping in dynamically loaded structures as excitation dependency by means of full-field receptances -- Chapter 10 Lightweight Internal Damage Segmentation using Thermography with and without Attention Based Generative Adversarial Network -- Chapter 11 A Novel Framework for the Dynamic Characterization of Civil Structures Using 3D Terrestrial Laser Scanners -- Chapter 12 Orthorectification for Dense Pixel-Level Spatial Calibration for Video-Based Structural Dynamics -- Chapter 13 Digital Twins for Photorealistic Event-Based Structural Dynamics -- Chapter 14 Multi-path vibrometer based strain measurement technique for Very High Cycle Fatigue (VHCF) testing -- Chapter 15 Measurement of Airborne Ultrasound Using Laser Doppler Vibrometer -- Chapter 16 Modal Identification of a Turbine Blade with a Curved Surface under Random Excitation by a 3D CSLDV System and the Extended Demodulation Method -- Chapter 17 Operational modal analysis of a rotating structure using image-based tracking continuously scanning laser Doppler vibrometry via a novel edge detection method -- Chapter 18 Detection of Missing Rail Fasteners Using Train-Induced Ultrasonic Guided Waves:A Numerical Study -- Chapter 19 Dynamic Mode Decomposition for Resonant Frequency Identification of Oscillating Structures -- Chapter 20 Time-inferred autoencoder for construction and prediction of spatio-temporal characteristics from dynamic systems using optical data -- Chapter 21 Rotational Operating Deflection Shapes Analysis with High Speed Camera. 330 $aComputer Vision & Laser Vibrometry, Volume 6: Proceedings of the 41st IMAC, A Conference and Exposition on Structural Dynamics, 2023, the sixth volume of ten from the Conference brings together contributions to this important area of research and engineering. The collection presents early findings and case studies on fundamental and applied aspects of Computer Vision, Laser Vibrometry and Structural Health Monitoring, including papers on: Novel Techniques Optical Methods, Scanning LDV Methods Photogrammetry & DIC Structural Health Monitoring. 410 0$aConference Proceedings of the Society for Experimental Mechanics Series,$x2191-5652 606 $aComputer vision 606 $aLasers 606 $aMultibody systems 606 $aVibration 606 $aMechanics, Applied 606 $aOptical measurements 606 $aMetrology 606 $aComputer Vision 606 $aLaser Technology 606 $aMultibody Systems and Mechanical Vibrations 606 $aOptical Metrology 606 $aEngineering Mechanics 615 0$aComputer vision. 615 0$aLasers. 615 0$aMultibody systems. 615 0$aVibration. 615 0$aMechanics, Applied. 615 0$aOptical measurements. 615 0$aMetrology. 615 14$aComputer Vision. 615 24$aLaser Technology. 615 24$aMultibody Systems and Mechanical Vibrations. 615 24$aOptical Metrology. 615 24$aEngineering Mechanics. 676 $a006.37 700 $aBaqersad$b Javad$01448897 701 $aDi Maio$b Dario$01077026 801 0$bMiAaPQ 801 1$bMiAaPQ 801 2$bMiAaPQ 906 $aBOOK 912 $a9910765484103321 996 $aComputer Vision & Laser Vibrometry, Volume 6$93644910 997 $aUNINA LEADER 03861oam 2200889 c 450 001 9910637776703321 005 20260302090207.0 010 $a3-8309-9619-5 024 3 $a9783830996194 035 $a(CKB)5580000000493004 035 $a(oapen)https://directory.doabooks.org/handle/20.500.12854/94378 035 $a(Waxmann)9783830996194 035 $a(EXLCZ)995580000000493004 100 $a20260302h20222023 uy 0 101 0 $ager 135 $aurmn|---annan 181 $ctxt$2rdacontent 182 $cc$2rdamedia 183 $acr$2rdacarrier 200 04$aDas Programm des realen Humanismus $eFestschrift für Ludwig Feuerbach zum 150. Todesjahr /$fUrsula Reitemeyer, Thassilo Polcik, Katharina Gather, Stephan Schlüter 205 $a1st ed. 210 $aMünster$cWaxmann$d2022 210 $d2022, c2023 215 $a1 electronic resource (382 p.) 225 0 $aInternationale Feuerbachforschung$v9 311 08$a3-8309-4619-8 330 $aDiese Festschrift für den Philosophen Ludwig Feuerbach, der sich mit seiner ganzen Kraft von Anbeginn seines Philosophierens an für ?die Sache der Menschheit? eingesetzt hat, verdankt sich der kontinuierlichen Zusammenarbeit eines internationalen Forscherkreises. Seine Mitglieder forschen und lehren in unterschiedlichen Bereichen, kommen aber seit vielen Jahren immer wieder zusammen, um die Impulse offenzulegen, die sie aus Feuerbachs menschen- und naturzugewandter Philosophie für ihren eigenen Fragehorizont gewinnen. Daraus erklärt sich sowohl das interdisziplinäre Spektrum des hier vorliegenden Forschungsbandes als auch ? mit Blick auf Feuerbachs ?real humanistische? Übersetzung des kategorischen Imperativs ? der ethische Zusammenhalt der einzelnen Beiträge. Insgesamt betrachtet handelt es sich bei diesem neunten Band der Internationalen Feuerbachforschung in erster Linie um einen Aufgabenkatalog, den abzuarbeiten Feuerbach den nachfolgenden Generationen mit seinen Grundsätzen der Philosophie der Zukunft anheimgestellt hat. Diese besondere Zukunftsorientierung seiner Philosophie im Sinne einer noch zu realisierenden Humanität verhindert Feuerbachs Verschwinden im Archiv und macht sein Denken für jene Gegenwartsdiskurse interessant, die nach Auswegen aus der selbstverschuldeten Existenzkrise der Menschheit suchen. 606 $aLudwig Feuerbach 606 $aRealer Humanismus 606 $aHegel 606 $aVormärz 606 $aWeimarer Republik 606 $aMärzrevolution 606 $aStirner 606 $aMarx 606 $aGottfried Keller 606 $aFreud 606 $aLeibanthropologie 606 $aBlumenberg 606 $aMarcuse 606 $aPhilosophie 606 $aAnthropologie 606 $aEdward W. Said 606 $aGesellschaft 606 $aReligionsphilosophie 606 $aHistorische Bildungsforschung 606 $a19./20. Jahrhundert 615 4$aLudwig Feuerbach 615 4$aRealer Humanismus 615 4$aHegel 615 4$aVormärz 615 4$aWeimarer Republik 615 4$aMärzrevolution 615 4$aStirner 615 4$aMarx 615 4$aGottfried Keller 615 4$aFreud 615 4$aLeibanthropologie 615 4$aBlumenberg 615 4$aMarcuse 615 4$aPhilosophie 615 4$aAnthropologie 615 4$aEdward W. Said 615 4$aGesellschaft 615 4$aReligionsphilosophie 615 4$aHistorische Bildungsforschung 615 4$a19./20. Jahrhundert 702 $aReitemeyer$b Ursula$4edt 702 $aPolcik$b Thassilo$4edt 702 $aGather$b Katharina$4edt 702 $aSchlüter$b Stephan$4edt 801 0$bWaxmann 801 1$bWaxmann 906 $aBOOK 912 $a9910637776703321 996 $aDas Programm des realen Humanismus$93038696 997 $aUNINA